[Event "European Rapid 2015"]
[Site "Minsk BLR"]
[Date "2015.12.20"]
[Round "10.49"]
[White "Zakhartsov, Vladimir"]
[Black "Tymoshenko, Ihor"]
[Result "1-0"]
[WhiteTitle "IM"]
[BlackTitle "FM"]
[WhiteElo "2462"]
[BlackElo "2306"]
[WhiteFideId "4145097"]
[BlackFideId "14105519"]
[EventDate "2015.12.19"]

1. e4 c5 2. Nf3 e6 3. g3 Nc6 4. Bg2 d5 5. exd5 exd5 6. d4 Nf6 7. O-O Be7 8. dxc5
Bxc5 9. Re1+ Be7 10. Nc3 O-O 11. Nd4 Re8 12. Bg5 h6 13. Bxf6 Bxf6 14. Rxe8+ Qxe8
15. Ndb5 Qd8 16. Bxd5 Bf5 17. Nd6 Bg6 18. Nxb7 Qb6 19. Nd6 Rd8 20. Nce4 Nb4 21.
Nxf6+ gxf6 22. Nc4 Qc7 23. Ne3 Qe5 24. Bxf7+ 1-0

[Event "European Rapid 2015"]
[Site "Minsk BLR"]
[Date "2015.12.20"]
[Round "11.3"]
[White "Petrosian, Tigran L."]
[Black "Sychev, Klementy"]
[Result "1/2-1/2"]
[WhiteTitle "GM"]
[BlackTitle "IM"]
[WhiteElo "2625"]
[BlackElo "2415"]
[WhiteFideId "13301616"]
[BlackFideId "4114060"]
[EventDate "2015.12.19"]

1. Nf3 Nf6 2. g3 g6 3. Bg2 Bg7 4. d4 d5 5. c4 Nc6 6. cxd5 Nxd5 7. O-O Nb6 8. e3
O-O 9. Nc3 Re8 10. a3 e5 11. d5 Na5 12. Qc2 e4 13. Nd4 Bxd4 14. exd4 f5 15. f3
e3 16. f4 Qf6 17. Re1 e2 18. Nxe2 Bd7 19. b3 Nxb3 20. Qxb3 Rxe2 21. Rxe2 Qxd4+
22. Be3 Qxa1+ 23. Kf2 Ba4 24. Qb4 Re8 25. d6 cxd6 26. Qxd6 Bb5 27. Re1 Qxe1+ 28.
Kxe1 Rxe3+ 29. Kf2 Re2+ 30. Kg1 Re1+ 31. Kf2 Re2+ 32. Kf3 Re3+ 33. Kf2 Re2+ 34.
Kf3 Re3+ 35. Kf2 Re2+ 36. Kg1 Re1+ 37. Kf2 Re2+ 38. Kg1 Re1+ 39. Bf1 Rxf1+ 40.
Kg2 Re1 41. Qb8+ Kf7 42. Qh8 Bc6+ 43. Kf2 Re8 44. Qxh7+ Kf6 45. h4 Nd5 46. h5
gxh5 47. Qh6+ Kf7 48. Qxh5+ Ke6 49. Qe2+ Kf7 50. Qh5+ Ke6 51. Qe2+ Kf7 52. Qh5+
Ke6 1/2-1/2

[Event "European Rapid 2015"]
[Site "Minsk BLR"]
[Date "2015.12.20"]
[Round "11.4"]
[White "Kovalev, Vladislav"]
[Black "Navara, David"]
[Result "0-1"]
[WhiteTitle "GM"]
[BlackTitle "GM"]
[WhiteElo "2546"]
[BlackElo "2730"]
[WhiteFideId "13504398"]
[BlackFideId "309095"]
[EventDate "2015.12.19"]

1. e4 c6 2. d4 d5 3. Nd2 dxe4 4. Nxe4 Bf5 5. Ng3 Bg6 6. h4 h6 7. Nf3 e6 8. Ne5
Bh7 9. Bd3 Bxd3 10. Qxd3 Nd7 11. Nxd7 Qxd7 12. Ne4 Be7 13. Bf4 Nf6 14. Be5 Ng4
15. O-O-O Qd5 16. Nc3 Nxe5 17. Qg3 Qc4 18. dxe5 O-O 19. Rd7 Bb4 20. a3 Bc5 21.
Rhd1 b5 22. Qf3 b4 23. Qe4 Qa6 24. axb4 Bxf2 25. Kb1 Rab8 26. Qf4 Qb6 27. b3
Qxb4 28. Ne4 Kh8 29. R1d3 c5 30. Qxf2 Qxe4 31. Qxc5 Qxg2 32. Rc7 Qh1+ 33. Kb2
Qxh4 34. Rdd7 Kg8 35. Rxa7 Qf4 36. Rd4 Qe3 37. Rxf7 Rxb3+ 38. cxb3 Qe2+ 39. Ka3
Rxf7 40. Qc8+ Kh7 41. Qxe6 Rf1 42. Kb4 Rf8 43. Qd5 Qe1+ 44. Kb5 Rb8+ 45. Kc6
Qc3+ 46. Rc4 Qxb3 47. Kd7 Rb7+ 48. Kc8 Re7 49. e6 Qb6 50. Qd7 0-1

[Event "European Rapid 2015"]
[Site "Minsk BLR"]
[Date "2015.12.20"]
[Round "11.8"]
[White "Landa, Konstantin"]
[Black "Ragger, Markus"]
[Result "0-1"]
[WhiteTitle "GM"]
[BlackTitle "GM"]
[WhiteElo "2625"]
[BlackElo "2687"]
[WhiteFideId "4101685"]
[BlackFideId "1610856"]
[EventDate "2015.12.19"]

1. d4 Nf6 2. Nf3 d5 3. c4 c6 4. Qc2 g6 5. e3 Bg7 6. Be2 O-O 7. O-O Bf5 8. Qb3
Qb6 9. Nc3 Nbd7 10. cxd5 cxd5 11. Nxd5 Nxd5 12. Qxd5 Rac8 13. Qb3 Qxb3 14. axb3
a6 15. Bd2 Rc2 16. Bd1 Rxb2 17. Bb4 Re8 18. Nd2 Bd3 19. Re1 Rc8 20. Bf3 e5 21.
Rac1 Rcc2 22. dxe5 b6 23. Rxc2 Rxc2 24. Ne4 Nxe5 25. Rd1 h6 26. Be7 f5 27. Ng3
Nxf3+ 28. gxf3 Rc3 29. b4 Kf7 30. Bd8 b5 31. Rd2 Bf8 32. Ba5 Rb3 33. Kg2 h5 34.
h4 Be7 35. Kh3 Bc4 36. f4 Ke6 37. Rd4 Rb2 38. f3 Rf2 39. e4 Rxf3 40. Kg2 Rb3 41.
exf5+ gxf5 42. Nxh5 Bxh4 43. Ng7+ Kf6 44. Ne8+ Kg6 45. Rd7 Rb2+ 46. Kf3 Bf1 47.
Rd6+ Kf7 48. Nc7 Rb3+ 0-1

[Event "European Rapid 2015"]
[Site "Minsk BLR"]
[Date "2015.12.20"]
[Round "11.9"]
[White "Fedorov, Alexei"]
[Black "Motylev, Alexander"]
[Result "1-0"]
[WhiteTitle "GM"]
[BlackTitle "GM"]
[WhiteElo "2563"]
[BlackElo "2653"]
[WhiteFideId "13500465"]
[BlackFideId "4121830"]
[EventDate "2015.12.19"]

1. e4 c6 2. d4 d5 3. e5 c5 4. dxc5 Nc6 5. a3 Nxe5 6. b4 g6 7. Bb5+ Bd7 8. Qxd5
Bxb5 9. Qxe5 Nf6 10. Nc3 Bc6 11. Nf3 Bg7 12. Bb2 O-O 13. Qe2 b6 14. cxb6 Qxb6
15. O-O a5 16. Ne5 Bb7 17. Na4 Qc7 18. Nc5 Nh5 19. g3 Bc8 20. c4 Nf6 21. Rfe1
Bf5 22. f3 h5 23. Kg2 Qc8 24. Nb3 Bh3+ 25. Kg1 axb4 26. axb4 Qb7 27. b5 Rac8 28.
Na5 Qc7 29. Nac6 Ra8 30. c5 Nd5 31. Nd3 Nc3 32. Qd2 Nxb5 33. Nxe7+ Kh7 34. Bxg7
Kxg7 35. Qb2+ Kh7 36. Rxa8 Rxa8 37. Qxb5 Be6 38. Nc6 Bd7 39. Ndb4 Be8 40. Rd1
Qc8 41. Qc4 Ra4 42. Rd8 Qh3 43. Qe2 Bd7 44. Qd1 Bxc6 45. Nxc6 Ra2 46. Rd2 Ra3
47. Nd4 Qc8 48. c6 h4 49. gxh4 Qa6 50. Kg2 Ra1 51. Qe2 Qa5 52. Rc2 Re1 53. Qxe1
Qxe1 54. c7 1-0

[Event "European Rapid 2015"]
[Site "Minsk BLR"]
[Date "2015.12.20"]
[Round "11.13"]
[White "Savchenko, Boris"]
[Black "Belyakov, Bogdan"]
[Result "1/2-1/2"]
[WhiteTitle "GM"]
[BlackTitle "IM"]
[WhiteElo "2612"]
[BlackElo "2511"]
[WhiteFideId "4147332"]
[BlackFideId "24104795"]
[EventDate "2015.12.19"]

1. e4 e5 2. Nf3 Nc6 3. Bb5 Nf6 4. d3 Bc5 5. c3 O-O 6. Bxc6 bxc6 7. Nxe5 d5 8. d4
Bb6 9. Bg5 Qd6 10. Bxf6 gxf6 11. Ng4 dxe4 12. Nd2 f5 13. Ne3 f4 14. Nec4 Qh6 15.
Qa4 c5 16. Nxb6 Qxb6 17. Nxe4 Bb7 18. d5 f5 19. Nd2 Rfe8+ 20. Kd1 Bxd5 21. Qxf4
Qxb2 22. Qg5+ Kh8 23. Qf6+ Kg8 24. Rb1 Qxa2 25. Qg5+ Kh8 26. Qxf5 Rad8 27. Qf6+
Kg8 28. Qg5+ Kh8 1/2-1/2

[Event "European Rapid 2015"]
[Site "Minsk BLR"]
[Date "2015.12.20"]
[Round "11.14"]
[White "Polivanov, Anatoliy"]
[Black "Mamedov, Rauf"]
[Result "0-1"]
[WhiteTitle "IM"]
[BlackTitle "GM"]
[WhiteElo "2426"]
[BlackElo "2650"]
[WhiteFideId "14109468"]
[BlackFideId "13401653"]
[EventDate "2015.12.19"]

1. e4 g6 2. d4 Bg7 3. Nc3 a6 4. Bg5 h6 5. Bh4 d6 6. f4 b5 7. Nf3 b4 8. Nd5 Nf6
9. Nxf6+ exf6 10. Bd3 O-O 11. f5 g5 12. Bf2 Bb7 13. O-O Re8 14. Qd2 Bxe4 15.
Bxe4 Rxe4 16. d5 Nd7 17. Rae1 Rxe1 18. Rxe1 a5 19. Nd4 Ne5 20. c3 Qd7 21. cxb4
axb4 22. b3 Ra5 23. a4 Rxd5 24. Qxb4 c5 25. Qb5 Qc8 26. a5 Qa8 27. Ne6 c4 28.
Nc7 Rxb5 29. Nxa8 Rxa5 30. Nc7 cxb3 31. Rb1 Nc4 32. Be1 Rc5 33. Na6 Rxf5 34.
Rxb3 Re5 35. Bc3 Re3 36. Rb8+ Kh7 37. Bd4 Rd3 38. Ba7 Ra3 0-1

[Event "European Rapid 2015"]
[Site "Minsk BLR"]
[Date "2015.12.20"]
[Round "11.15"]
[White "Alekseev, Evgeny"]
[Black "Dzhumagaliev, Yan"]
[Result "0-1"]
[WhiteTitle "GM"]
[BlackTitle "FM"]
[WhiteElo "2642"]
[BlackElo "2400"]
[WhiteFideId "4138147"]
[BlackFideId "24100110"]
[EventDate "2015.12.19"]

1. e4 c5 2. Nf3 Nc6 3. d4 cxd4 4. Nxd4 e6 5. Nc3 Qc7 6. f4 a6 7. Nxc6 Qxc6 8.
Bd3 Nf6 9. Qe2 Bb4 10. Bd2 d5 11. exd5 Nxd5 12. Nxd5 Bxd2+ 13. Qxd2 Qxd5 14. Qb4
a5 15. Qa3 b5 16. Qb3 Qxb3 17. axb3 b4 18. Kf2 g5 19. fxg5 h6 20. g6 O-O 21.
gxf7+ Rxf7+ 22. Ke3 Bb7 23. Rhg1 Rg7 24. g3 Rg5 25. Rae1 Kf7 26. Rgf1+ Ke7 27.
Rf4 Bd5 28. Ref1 Re5+ 29. Kd2 Rh5 30. R1f2 Rd8 31. Rf7+ Kd6 32. Ra7 Bc6 33. Rh7
Kc5 34. Ke1 Kd4 35. Be2 Rc5 36. Rf4+ Ke3 37. Rxh6 e5 38. Re6 Rd2 39. Bd1 Rxh2
40. Rf1 Be4 41. Rd6 Bxc2 42. Rf3+ Ke4 43. Be2 Bb1 44. Bc4 Kxf3 0-1

[Event "European Rapid 2015"]
[Site "Minsk BLR"]
[Date "2015.12.20"]
[Round "11.16"]
[White "Zvjaginsev, Vadim"]
[Black "Ivanov, Alexander Al."]
[Result "1-0"]
[WhiteTitle "GM"]
[BlackTitle "GM"]
[WhiteElo "2662"]
[BlackElo "2397"]
[WhiteFideId "4113403"]
[BlackFideId "4126360"]
[EventDate "2015.12.19"]

1. e4 d6 2. d4 Nf6 3. Nc3 e5 4. Nf3 Nbd7 5. a4 Be7 6. g3 a5 7. Bg2 O-O 8. O-O
Re8 9. Re1 Bf8 10. Be3 h6 11. h3 Nh7 12. Qd2 c6 13. Rad1 Qc7 14. Qd3 b6 15. Qc4
Ba6 16. Qa2 Nhf6 17. Nh4 c5 18. dxe5 dxe5 19. Nb5 Bxb5 20. axb5 c4 21. Nf5 Rac8
22. c3 Kh7 23. Bc1 Qc5 24. Qa4 g6 25. Ne3 Qc7 26. Bf1 Nc5 27. Qxc4 Ncxe4 28.
Qxc7 Rxc7 29. Nd5 Nxd5 30. Rxd5 f5 31. Bg2 Nc5 32. Bf4 Rce7 33. Rexe5 Rxe5 34.
Bxe5 Bg7 35. Bc7 Re1+ 36. Kh2 Na4 37. Rd7 Re2 38. Bf1 Re8 39. Bc4 Kh8 40. Bf7
Rf8 41. Bxg6 Nxb2 42. Bxb6 Nc4 43. Bc5 Ne5 44. Bxf8 Nxd7 45. Bxg7+ Kxg7 46. Bxf5
Nc5 47. b6 a4 48. Bb1 Kf6 49. g4 Ke5 50. h4 a3 51. g5 hxg5 52. hxg5 Kd6 53. g6
Ne6 54. Ba2 Ng7 55. c4 1-0

[Event "European Rapid 2015"]
[Site "Minsk BLR"]
[Date "2015.12.20"]
[Round "11.18"]
[White "Sharafiev, Azat"]
[Black "Azarov, Sergei"]
[Result "0-1"]
[WhiteTitle "IM"]
[BlackTitle "GM"]
[WhiteElo "2420"]
[BlackElo "2595"]
[WhiteFideId "4186214"]
[BlackFideId "13501470"]
[EventDate "2015.12.19"]

1. Nf3 d5 2. g3 Bg4 3. Bg2 Nd7 4. c4 dxc4 5. Na3 Ngf6 6. Nxc4 c6 7. d4 g6 8. Qb3
Be6 9. Ng5 Bxc4 10. Qxc4 e6 11. O-O Nb6 12. Qd3 Bg7 13. Nf3 O-O 14. Rd1 Qe7 15.
Bd2 Rfd8 16. Qb3 Nbd5 17. Rac1 a5 18. Ne5 a4 19. Qc2 a3 20. Nd3 Nc7 21. Bb4 Qe8
22. Bxa3 Nb5 23. e3 Nxa3 24. bxa3 Rxa3 25. Rb1 Ra7 26. Nc5 Qe7 27. Rb3 Ne8 28.
Rdb1 Nd6 29. Qb2 Nb5 30. a4 Nxd4 31. exd4 Bxd4 32. Rxb7 Qxc5 33. Qa2 Rxb7 34.
Rxb7 Qc3 35. Rb3 Bxf2+ 36. Kxf2 Rd2+ 37. Qxd2 Qxd2+ 38. Kg1 Qd1+ 0-1

[Event "European Rapid 2015"]
[Site "Minsk BLR"]
[Date "2015.12.20"]
[Round "11.19"]
[White "Balashov, Yuri S"]
[Black "Demidov, Mikhail"]
[Result "1-0"]
[WhiteTitle "GM"]
[BlackTitle "IM"]
[WhiteElo "2408"]
[BlackElo "2485"]
[WhiteFideId "4100263"]
[BlackFideId "4197143"]
[EventDate "2015.12.19"]

1. d4 d5 2. c4 c6 3. Nc3 dxc4 4. e3 b5 5. a4 b4 6. Ne4 Qd5 7. Nd2 c3 8. bxc3
bxc3 9. Nb1 Qa5 10. Qc2 Na6 11. Qxc3 Nb4 12. Bd2 e6 13. Na3 Nf6 14. Nc4 Qc7 15.
Nf3 Be7 16. Be2 O-O 17. Nce5 c5 18. O-O Ne4 19. Qc1 Nxd2 20. Nxd2 Bd6 21. Bf3
Rb8 22. Ndc4 cxd4 23. exd4 Ba6 24. Nxd6 Qxd6 25. Rd1 Rfc8 26. Qa3 Bb7 27. Bxb7
Rxb7 28. a5 Qa6 29. Rac1 Rd8 30. h3 f6 31. Nd3 Nxd3 32. Rxd3 Qd6 33. Qa4 Rb4 34.
Qa2 Kf7 35. Re1 Qd5 36. Qc2 Qxa5 37. Rde3 Rd6 38. Qxh7 Rbxd4 39. Rb1 Rd1+ 40.
Kh2 Rxb1 41. Qxb1 Qc7 42. Rg3 Kf8 43. Qh7 Qf7 44. Rc3 Ke7 45. Qb1 Qe8 46. Qb4
Qd8 47. Rc5 Kf7 48. Qc4 Rd7 49. Rc6 Qb8+ 50. g3 Qe5 51. Rc5 Qe1 52. Kg2 Qd1 53.
Rc7 Qd6 54. Rc5 Rb7 55. Rc6 Qd7 56. h4 a5 57. Qc5 Ra7 58. Qb6 a4 59. Rxe6 a3 60.
Rd6 Qa4 61. Rd4 Qa6 62. Rd7+ Kg6 63. Qxa7 Qc6+ 64. Kh2 a2 65. Rxg7+ Kf5 66. Qxa2 1-0

[Event "European Rapid 2015"]
[Site "Minsk BLR"]
[Date "2015.12.20"]
[Round "11.20"]
[White "Chigaev, Maksim"]
[Black "Shevchenko, Kirill"]
[Result "1/2-1/2"]
[WhiteTitle "IM"]
[BlackTitle "FM"]
[WhiteElo "2526"]
[BlackElo "2373"]
[WhiteFideId "4108116"]
[BlackFideId "14129574"]
[EventDate "2015.12.19"]

1. e4 c5 2. Nf3 d6 3. d4 cxd4 4. Qxd4 a6 5. h3 Nc6 6. Qe3 g6 7. Be2 Bg7 8. O-O
Nf6 9. c4 O-O 10. Nc3 Nd7 11. Rd1 Nde5 12. Bd2 f5 13. exf5 Bxf5 14. Rac1 Qd7 15.
Nd5 Rae8 16. Nxe5 Nxe5 17. Bc3 Nf7 18. Bxg7 Kxg7 19. c5 Qe6 20. Nc7 Qxe3 21.
Nxe8+ Rxe8 22. fxe3 dxc5 23. Rxc5 Nd6 24. Bf3 Kf6 25. Rc7 b6 26. Rc6 Rb8 27. Kf2
Be6 28. b3 Ke5 29. Rc7 Re8 30. g4 g5 31. Rd4 Kf6 32. Rc6 Rc8 33. Rxc8 Bxc8 34.
a4 Bd7 35. Rb4 b5 36. axb5 axb5 37. Rd4 h6 38. Ke1 Be6 39. Bd5 Bd7 40. Kd2 Ke5
41. Bf3 Be6 42. Kc3 Bf7 43. Kb4 Be6 44. Rd3 Bf7 45. Rc3 Be6 46. Rc5+ Kf6 47. Bd5
Bc8 48. Rxb5 Nxb5 49. Kxb5 Ke5 50. Kc5 h5 51. Bf3 hxg4 52. hxg4 Ke6 53. b4 Kd7
54. b5 Kc7 55. b6+ Kb8 56. b7 Bd7 57. Kb6 Ba4 58. Bc6 Bd1 59. Bd7 e6 60. Bxe6
Bxg4 61. Bd5 Bh3 62. Bc6 g4 63. Bd7 g3 64. Bxh3 g2 65. Bxg2 1/2-1/2

[Event "European Rapid 2015"]
[Site "Minsk BLR"]
[Date "2015.12.20"]
[Round "11.21"]
[White "Andriasian, Zaven"]
[Black "Kalinin, Michail Borisovich"]
[Result "1-0"]
[WhiteTitle "GM"]
[WhiteElo "2594"]
[BlackElo "2380"]
[WhiteFideId "13302000"]
[BlackFideId "4144104"]
[EventDate "2015.12.19"]

1. e4 e6 2. d3 d5 3. Nd2 Nf6 4. Ngf3 b6 5. c3 Bb7 6. Qc2 c5 7. g3 Be7 8. Bg2 Qc7
9. O-O Nbd7 10. Re1 dxe4 11. dxe4 c4 12. e5 Nd5 13. Ne4 b5 14. Bg5 Bf8 15. Nd4
Qb6 16. a4 a6 17. a5 Qc7 18. Nd6+ Bxd6 19. exd6 Qxd6 20. Nf5 Qf8 21. Rad1 h6 22.
Bxd5 Bxd5 23. Be7 Qg8 24. Rxd5 f6 25. Bb4 Ne5 26. Rdxe5 fxe5 27. Nd6+ Kd7 28.
Qe4 Ra7 29. Rd1 1-0

[Event "European Rapid 2015"]
[Site "Minsk BLR"]
[Date "2015.12.20"]
[Round "11.22"]
[White "Mikhalevski, Victor"]
[Black "Veremeichik, Vladimir"]
[Result "1-0"]
[WhiteTitle "GM"]
[WhiteElo "2535"]
[BlackElo "2298"]
[WhiteFideId "2801914"]
[BlackFideId "13500384"]
[EventDate "2015.12.19"]

1. c4 c5 2. g3 g6 3. Bg2 Bg7 4. Nc3 Nc6 5. Nf3 e6 6. d4 Nxd4 7. Nxd4 cxd4 8. Nb5
Qb6 9. e3 d5 10. b3 a6 11. Nxd4 Ne7 12. O-O dxc4 13. Ba3 e5 14. Ne2 cxb3 15.
Qxb3 Qxb3 16. axb3 Nc6 17. Nc3 Be6 18. Ne4 O-O-O 19. Nc5 Bd5 20. Bh3+ Kb8 21. e4
Be6 22. Bxe6 fxe6 23. Nxe6 Rd7 24. Rfd1 Nd4 25. Nxg7 Rxg7 26. Bd6+ Ka8 27. Kg2
Re8 28. Bxe5 Rxe5 29. Rxd4 Rge7 30. Re1 Rb5 31. Re3 a5 32. f4 Rc5 33. e5 b5 34.
g4 Kb7 35. Kg3 b4 36. Rde4 Kc6 37. f5 Kc7 38. f6 1-0

[Event "European Rapid 2015"]
[Site "Minsk BLR"]
[Date "2015.12.20"]
[Round "11.23"]
[White "Kochetkova, Julia"]
[Black "Aleksandrov, Aleksej"]
[Result "0-1"]
[WhiteTitle "WGM"]
[BlackTitle "GM"]
[WhiteElo "2320"]
[BlackElo "2615"]
[WhiteFideId "4139690"]
[BlackFideId "13500139"]
[EventDate "2015.12.19"]

1. e4 e5 2. Nf3 Nc6 3. Bc4 Bc5 4. d3 Nf6 5. c3 a6 6. O-O d6 7. Bb3 O-O 8. h3 h6
9. Nbd2 Re8 10. Re1 Be6 11. Bc2 b5 12. Nf1 d5 13. Bd2 Bf8 14. Ng3 a5 15. Qe2
dxe4 16. Nxe4 Nxe4 17. Qxe4 Bd5 18. Qe2 g6 19. Bb3 a4 20. Bxd5 Qxd5 21. Be3 f5
22. Qc2 Rad8 23. Red1 f4 24. Bc1 e4 25. Nd4 Nxd4 26. cxd4 e3 27. fxe3 fxe3 28.
Qxc7 Qxd4 29. Kh1 Bd6 0-1

[Event "European Rapid 2015"]
[Site "Minsk BLR"]
[Date "2015.12.20"]
[Round "11.26"]
[White "Podolchenko, Evgeniy"]
[Black "Bocharov, Dmitry"]
[Result "1-0"]
[WhiteTitle "GM"]
[BlackTitle "GM"]
[WhiteElo "2427"]
[BlackElo "2558"]
[WhiteFideId "13504134"]
[BlackFideId "4138716"]
[EventDate "2015.12.19"]

1. Nf3 g6 2. d4 Bg7 3. c4 d6 4. Nc3 Nd7 5. e3 e5 6. Be2 Ne7 7. O-O O-O 8. b3 h6
9. Qc2 f5 10. dxe5 dxe5 11. Ba3 c6 12. e4 f4 13. Rad1 Qe8 14. Bd6 g5 15. c5 Ng6
16. Bxf8 Bxf8 17. b4 g4 18. Nd2 Nf6 19. Nc4 f3 20. Nd6 Bxd6 21. Bc4+ Kg7 22.
Rxd6 fxg2 23. Rfd1 Nh4 24. Be2 Nh5 25. R1d3 Be6 26. Qd1 Nf6 27. Rg3 Ng6 28. Bxg4
Nxg4 29. Rxg4 Bxg4 30. Qxg4 Rd8 31. Ne2 Rxd6 32. cxd6 Qf8 33. Ng3 Kh7 34. Qd7+
Kh8 35. Qe6 Nf4 36. Qxe5+ Kg8 37. Nf5 1-0

[Event "European Rapid 2015"]
[Site "Minsk BLR"]
[Date "2015.12.20"]
[Round "11.27"]
[White "Lanin, Alexsej"]
[Black "Grachev, Boris"]
[Result "0-1"]
[WhiteTitle "IM"]
[BlackTitle "GM"]
[WhiteElo "2394"]
[BlackElo "2652"]
[WhiteFideId "4154959"]
[BlackFideId "4129199"]
[EventDate "2015.12.19"]

1. e4 c5 2. Nf3 e6 3. d4 cxd4 4. Nxd4 Nc6 5. Nc3 a6 6. Be2 d6 7. Be3 Bd7 8. a4
Nf6 9. O-O Be7 10. f4 O-O 11. Nb3 b6 12. g4 Bc8 13. Qe1 Nb4 14. Qd2 d5 15. Bf3
Bb7 16. e5 Ne4 17. Bxe4 dxe4 18. Qf2 Rc8 19. Bxb6 e3 20. Bxe3 Rxc3 21. bxc3 Qd5
22. Qf3 Nxc2 23. Qxd5 Bxd5 24. Bc5 Nxa1 25. Bxe7 Nxb3 26. Bxf8 Kxf8 27. Rb1 Ke7
28. Kf2 Kd7 29. Ke3 Kc6 30. f5 Kc5 31. Rf1 Kc4 32. h4 a5 33. h5 Nc5 34. f6 g5
35. hxg6 hxg6 36. Rb1 Nd3 37. Rb8 Nxe5 38. Rc8+ Nc6 0-1

[Event "European Rapid 2015"]
[Site "Minsk BLR"]
[Date "2015.12.20"]
[Round "11.28"]
[White "Savitskiy, Sergey"]
[Black "Milov, Vadim"]
[Result "0-1"]
[WhiteTitle "FM"]
[BlackTitle "GM"]
[WhiteElo "2365"]
[BlackElo "2615"]
[WhiteFideId "24105660"]
[BlackFideId "1304364"]
[EventDate "2015.12.19"]

1. Nf3 Nf6 2. g3 g6 3. Bg2 Bg7 4. O-O O-O 5. d3 d6 6. e4 c5 7. Nc3 Nc6 8. h3 Rb8
9. a4 a6 10. Be3 b5 11. axb5 axb5 12. Qc1 b4 13. Ne2 Nd7 14. Bh6 Nde5 15. Nxe5
dxe5 16. Be3 Nd4 17. Qd1 Be6 18. b3 Qd7 19. Kh2 Ra8 20. Nxd4 exd4 21. Bd2 Ra3
22. Rxa3 bxa3 23. Qa1 Ra8 24. Qa2 Ra6 25. Ra1 f5 26. exf5 gxf5 27. Bc1 Bd5 28.
Bxa3 f4 29. Qb1 Bxg2 30. Kxg2 Rh6 31. Qh1 Qf5 32. g4 Qd5+ 33. f3 Re6 34. Re1 Re3
35. Qf1 Qe5 36. Rxe3 dxe3 37. Qe2 Qc3 38. h4 Bd4 39. Bc1 Qa1 40. Qf1 Qb1 41.
Bxe3 Qxf1+ 42. Kxf1 Bxe3 43. Ke2 Kf7 44. d4 Bxd4 45. Kd3 Bf2 46. h5 Kf6 47. Ke4
Be3 48. c3 e5 49. b4 cxb4 50. cxb4 Ba7 51. Kd5 Bb8 52. b5 Ba7 53. Ke4 h6 54. Kd5
Bf2 55. Ke4 Bg1 56. Kd5 Ba7 57. Ke4 Ke6 58. g5 hxg5 59. h6 Kf6 60. h7 Kg7 61.
Kf5 Bb8 62. Kxg5 e4 0-1

[Event "European Rapid 2015"]
[Site "Minsk BLR"]
[Date "2015.12.20"]
[Round "11.29"]
[White "Bortnyk, Olexandr"]
[Black "Pustovoitova, Daria"]
[Result "1-0"]
[WhiteTitle "GM"]
[BlackTitle "FM"]
[WhiteElo "2552"]
[BlackElo "2356"]
[WhiteFideId "14120828"]
[BlackFideId "4182146"]
[EventDate "2015.12.19"]

1. e4 c6 2. c4 d5 3. cxd5 cxd5 4. exd5 Nf6 5. Qa4+ Nbd7 6. Nc3 g6 7. Bc4 Bg7 8.
d3 O-O 9. Nf3 a6 10. Qa3 Nb6 11. Qb3 Nxc4 12. dxc4 b5 13. cxb5 axb5 14. O-O b4
15. Qxb4 Nxd5 16. Nxd5 Qxd5 17. Qxe7 Rxa2 18. Rxa2 Qxa2 19. b4 Ba6 20. Re1 Qc4
21. Be3 Bb5 22. Bc5 Rc8 23. Qb7 Rd8 24. h3 h6 25. Kh2 Ba4 26. Re4 Qc1 27. Qc7
Qd1 28. Bd4 Rd7 29. Qb8+ Kh7 30. Bxg7 Kxg7 31. b5 Qb3 32. Nd4 Qd1 33. b6 Bc2 34.
Nxc2 Qxc2 35. Re8 Qxf2 36. Qe5+ f6 37. Re7+ Rxe7 38. Qxe7+ Kg8 39. Qd8+ Kg7 40.
Qc7+ 1-0

[Event "European Rapid 2015"]
[Site "Minsk BLR"]
[Date "2015.12.20"]
[Round "11.30"]
[White "Goganov, Aleksey"]
[Black "Shkapenko, Pavel"]
[Result "1/2-1/2"]
[WhiteTitle "GM"]
[BlackTitle "IM"]
[WhiteElo "2597"]
[BlackElo "2407"]
[WhiteFideId "24109959"]
[BlackFideId "4151933"]
[EventDate "2015.12.19"]

1. d4 Nf6 2. Nf3 e6 3. e3 c5 4. Bd3 Nc6 5. O-O d5 6. b3 Bd6 7. Bb2 Qe7 8. Ne5
O-O 9. a3 Nd7 10. f4 f5 11. Nd2 Nf6 12. c4 Bd7 13. Ndf3 cxd4 14. exd4 Ne4 15.
cxd5 exd5 16. b4 Rac8 17. Qb3 Be6 18. Rac1 Nb8 19. b5 Nd7 20. Nxd7 Qxd7 21. g3
Rxc1 22. Rxc1 Rc8 23. Rc2 Rxc2 24. Qxc2 Qc8 25. Qxc8+ Bxc8 26. Kf1 Kf7 27. Ke2
Kf6 28. Ne5 h6 29. Ke3 g5 30. Be2 g4 31. Nd3 1/2-1/2

[Event "European Rapid 2015"]
[Site "Minsk BLR"]
[Date "2015.12.20"]
[Round "11.31"]
[White "Zaiatz, Elena"]
[Black "Belous, Vladimir"]
[Result "0-1"]
[WhiteTitle "IM"]
[BlackTitle "GM"]
[WhiteElo "2382"]
[BlackElo "2557"]
[WhiteFideId "4139518"]
[BlackFideId "4174003"]
[EventDate "2015.12.19"]

1. d4 Nf6 2. c4 g6 3. Nc3 d5 4. Bg5 Bg7 5. e3 Ne4 6. Bh4 Nxc3 7. bxc3 c5 8. cxd5
cxd4 9. cxd4 Qa5+ 10. Qd2 Qxd5 11. Nf3 Nc6 12. Rc1 Bg4 13. Be2 O-O 14. h3 Bf5
15. Rc5 Qd7 16. O-O Rac8 17. Bb5 a6 18. Bxc6 Rxc6 19. Rxc6 bxc6 20. Qa5 Qb7 21.
Rc1 Rc8 22. Rc3 Be6 23. Kh2 Bd5 24. Bg3 Bf8 25. Rc2 e6 26. Qd2 c5 27. dxc5 Rxc5
28. Rxc5 Bxc5 29. Ne5 Qb4 30. Qc1 Qe4 31. Nf3 Qc4 32. Qb2 Qb4 33. Qe5 Be7 34.
Qc7 Qb7 35. Qc3 f6 36. a3 e5 37. Ne1 Kf7 38. f3 Qb3 39. Qa5 Qb5 40. Qc7 Qc5 41.
Qb8 Qxe3 42. Qh8 Qh6 43. Nc2 Bf8 44. Nb4 Bb7 45. Bxe5 fxe5 46. Qxe5 Qh4 47. Nd5
Qd8 0-1

[Event "European Rapid 2015"]
[Site "Minsk BLR"]
[Date "2015.12.20"]
[Round "11.32"]
[White "Gorodetzky, David"]
[Black "Rozum, Ivan"]
[Result "0-1"]
[WhiteTitle "FM"]
[BlackTitle "GM"]
[WhiteElo "2342"]
[BlackElo "2559"]
[WhiteFideId "2813416"]
[BlackFideId "24104272"]
[EventDate "2015.12.19"]

1. e4 c6 2. d4 d5 3. Nc3 dxe4 4. Nxe4 Bf5 5. Ng3 Bg6 6. h4 h6 7. Nf3 Nd7 8. Bd3
Bxd3 9. Qxd3 e6 10. Bd2 Ngf6 11. O-O-O Be7 12. Kb1 Rc8 13. Ne4 c5 14. Nxf6+ Nxf6
15. Qb5+ Qd7 16. Qxd7+ Nxd7 17. Be3 Nf6 18. dxc5 Bxc5 19. Bxc5 Rxc5 20. Ne1 Ke7
21. Nd3 Rf5 22. Rhe1 Rd8 23. Kc1 h5 24. Re2 g6 25. Rde1 Ng4 26. f3 Nh6 27. Ne5
Rf4 28. g3 Ra4 29. Nxg6+ fxg6 30. Rxe6+ Kf7 31. Re7+ Kf8 32. Rxb7 Rxa2 33. Kb1
Ra6 34. Rh7 Nf7 35. g4 Kg8 0-1